Normal view
MARC view
Entry Meeting Name
001 - CONTROL NUMBER
- control field: 19372
003 - CONTROL NUMBER IDENTIFIER
- control field: OSt
005 - DATE AND TIME OF LATEST TRANSACTION
- control field: 20211105134409.0
008 - FIXED-LENGTH DATA ELEMENTS
- fixed length control field: 211105|| aca||aabn | a|a d
040 ## - CATALOGING SOURCE
- Original cataloging agency: OSt
- Transcribing agency: OSt
111 ## - HEADING--MEETING NAME
- Meeting name or jurisdiction name as entry element: 1993 Workshop on pticles and Fields
- Location of meeting: Merida,Yucatan
- Date of meeting or treaty signing: 1993 Oct. 25-29
670 ## - SOURCE DATA FOUND
- Source citation: Work cat.: (OSt): 1993 Workshop on pticles and Fields Merida,Yucatan 1993 Oct. 25-29, pticles and fields, 1994